000
00279nam a2200109Ia 4500
008
230306s9999 xx 000 0 und d
041
_a
eng
082
_a
21.38195
100
_a
Patrick Oneil
_9
120031
245
_a
Database-Principles Programming
260
_b
Harcourt Asia PTE L.T.D
999
_c
99135
_d
99135